Score 0/20 Timer 05:00
51 Plays Today
Hint Player % Correct
Wayne Rooney
98.3%
David Beckham
97.1%
Steven Gerrard
94.7%
Frank Lampard
94.6%
John Terry
93.4%
Paul Scholes
90.1%
Michael Owen
87.1%
Alan Shearer
86.6%
Bobby Charlton
79.3%
Gary Lineker
77%
Hint Player % Correct
Bobby Moore
72.4%
Paul Gascoigne
65.8%
Tony Adams
62%
John Barnes
59.7%
Kevin Keegan
58.5%
Peter Shilton
55.4%
Gordon Banks
52.6%
Bryan Robson
46.7%
Stanley Matthews
34.9%
Jimmy Greaves
22.7%
Remove Ads.
Support Sporcle.
Get the best of Sporcle when you Go Orange. This ad-free experience offers more features, more stats, and more fun while also helping to support Sporcle. Thank you for becoming a member.

You're not logged in!

Compare scores with friends on all Sporcle quizzes.
OR
Log In

Show Comments

Extras

Top Quizzes Today


Score Distribution

Your Account Isn't Verified!

In order to create a playlist on Sporcle, you need to verify the email address you used during registration. Go to your Sporcle Settings to finish the process.

Report this User

Report this user for behavior that violates our Community Guidelines.

Details: